[Event "Damen Bundesliga 2011/12"]
[Site "Jenbach"]
[Date "2012.03.04"]
[Round "4"]
[Board "1"]
[White "Klinkan, Elisabeth"]
[Black "Mira, Helene"]
[Result "1/2-1/2"]
[WhiteElo "1982"]
[BlackElo "2083"]
[PlyCount "47"]
[EventDate "2012.03.01"]
[EventType "team"]
[EventRounds "7"]
[EventCountry "AUT"]
[WhiteTeam "SV Schachamazonen Graz"]
[BlackTeam "Freundinnen Tirol"]

1. d4 d6 2. g3 g6 3. Bg2 Bg7 4. c3 Nf6 5. Nf3 O-O 6. Nbd2 Nbd7 7. Qc2 c6 8. b3
Qc7 9. O-O e5 10. Ba3 Rd8 11. dxe5 Nxe5 12. Rad1 Nxf3+ 13. Nxf3 Bf5 14. Qc1 d5
15. Nd4 Bg4 16. h3 Bd7 17. c4 dxc4 18. Qxc4 Be8 19. e3 Qa5 20. Bb4 Qe5 21. Bc3
Qe7 22. Bb4 Qe5 23. Bc3 Qe7 24. Bb4 1/2-1/2

[Event "Damen Bundesliga 2011/12"]
[Site "Jenbach"]
[Date "2012.03.04"]
[Round "4"]
[Board "2"]
[White "Schnegg, Anna-Lena"]
[Black "Landl, Margot"]
[Result "1-0"]
[WhiteElo "2017"]
[BlackElo "1782"]
[PlyCount "63"]
[EventDate "2012.03.01"]
[EventType "team"]
[EventRounds "7"]
[EventCountry "AUT"]
[WhiteTeam "Freundinnen Tirol"]
[BlackTeam "SV Schachamazonen Graz"]

1. e4 c6 2. d4 d5 3. Nc3 dxe4 4. Nxe4 Bf5 5. Nc5 b6 6. Nb3 e6 7. Nf3 Bd6 8. g3
Qc7 9. Bg2 Nd7 10. O-O Ngf6 11. c4 O-O 12. Re1 Rac8 13. Qe2 Bg4 14. h3 Bxf3 15.
Qxf3 Rfd8 16. Bg5 h6 17. Be3 Bf8 18. Rac1 a5 19. Bf4 Qa7 20. a4 Nb8 21. Bxh6
gxh6 22. Qxf6 Bg7 23. Qf4 Qd7 24. Rcd1 Na6 25. d5 exd5 26. cxd5 c5 27. Re2 c4
28. Nd4 Qxa4 29. Rde1 Nb4 30. Re7 Rf8 31. Qg4 Nd3 32. Nf5 1-0

[Event "Damen Bundesliga 2011/12"]
[Site "Jenbach"]
[Date "2012.03.04"]
[Round "4"]
[Board "1"]
[White "Maienschein, Sarah"]
[Black "Kopinits, Anna-Christina"]
[Result "0-1"]
[WhiteElo "1732"]
[BlackElo "2257"]
[PlyCount "22"]
[EventDate "2012.03.01"]
[EventType "team"]
[EventRounds "7"]
[EventCountry "AUT"]
[WhiteTeam "Tschaturanga Wien"]
[BlackTeam "ASVOE Wulkaprodersdorf"]

1. e4 c5 2. Nc3 Nc6 3. f4 g6 4. Nf3 Bg7 5. Bc4 e6 6. O-O Nge7 7. Qe1 O-O 8. Qh4
d5 9. Be2 dxe4 10. Nxe4 Nd4 11. c3 Nxe2+ 0-1

[Event "Damen Bundesliga 2011/12"]
[Site "Jenbach"]
[Date "2012.03.04"]
[Round "4"]
[Board "1"]
[White "Froewis, Annika"]
[Black "Novkovic, Julia"]
[Result "1-0"]
[WhiteElo "1978"]
[BlackElo "2085"]
[PlyCount "81"]
[EventDate "2012.03.01"]
[EventType "team"]
[EventRounds "7"]
[EventCountry "AUT"]
[WhiteTeam "Vorarlberg"]
[BlackTeam "ASVOE Pamhagen"]

1. e4 c5 2. Nf3 Nc6 3. d4 cxd4 4. Nxd4 g6 5. Nc3 Bg7 6. Be3 Nf6 7. Bc4 Qa5 8.
O-O O-O 9. Bb3 d6 10. h3 Nxd4 11. Bxd4 Be6 12. Re1 Nd7 13. Nd5 Rfe8 14. Bxg7
Kxg7 15. Qd4+ Kg8 16. f4 Rac8 17. Ne3 Qc5 18. Qd3 Nf8 19. Kh1 Bxb3 20. axb3 Ne6
21. f5 Nd8 22. c3 a5 23. Nd5 Nc6 24. Qd2 Kg7 25. Rf1 f6 26. Nf4 Nd8 27. Qe2 Rg8
28. fxg6 hxg6 29. Qg4 Kf7 30. Rxa5 Qxa5 31. Qxc8 Qe5 32. Qc4+ Kg7 33. Nd3 Qh5
34. Nf4 Qg5 35. Qc7 Qe5 36. Nd5 f5 37. Nxe7 Ne6 38. Nxf5+ Kh8 39. Qxd6 Qxe4 40.
Nd4 Ng5 41. Qf6+ 1-0

[Event "Damen Bundesliga 2011/12"]
[Site "Jenbach"]
[Date "2012.03.04"]
[Round "4"]
[Board "2"]
[White "Hapala, Lisa"]
[Black "Nagy, Laura"]
[Result "1-0"]
[WhiteElo "1942"]
[BlackElo "1924"]
[PlyCount "34"]
[EventDate "2012.03.01"]
[EventType "team"]
[EventRounds "7"]
[EventCountry "AUT"]
[WhiteTeam "ASVOE Pamhagen"]
[BlackTeam "Vorarlberg"]

1. e4 e5 2. Nf3 Nf6 3. Nxe5 d6 4. Nf3 Nxe4 5. Nc3 Nxc3 6. dxc3 Be7 7. Bf4 Nc6
8. Qd2 Bg4 9. Be2 Qd7 10. O-O-O Qe6 11. Kb1 O-O-O 12. Rhe1 Qg6 13. Nd4 Bxe2 14.
Nxc6 bxc6 15. Qxe2 Bf6 16. Qa6+ Kd7 17. Rxd6+ cxd6 1-0

[Event "Damen Bundesliga 2011/12"]
[Site "Jenbach"]
[Date "2012.04.20"]
[Round "5"]
[Board "1"]
[White "Novkovic, Julia"]
[Black "Zechner, Andrea"]
[Result "1-0"]
[WhiteElo "2085"]
[BlackElo "1951"]
[PlyCount "69"]
[EventDate "2012.03.01"]
[EventType "team"]
[EventRounds "7"]
[EventCountry "AUT"]
[WhiteTeam "ASVOE Pamhagen"]
[BlackTeam "Apoptosis Wien"]

1. e4 c6 2. d4 d5 3. exd5 cxd5 4. Bd3 Nc6 5. c3 Nf6 6. Bf4 Bg4 7. Qb3 Qc8 8.
Nd2 e6 9. Ngf3 Be7 10. O-O O-O 11. Rae1 a6 12. Qc2 Bh5 13. Ne5 b5 14. a3 Na5
15. b4 Nb7 16. Nb3 Nd6 17. Nc5 Ra7 18. Re3 Bg6 19. Nxg6 hxg6 20. Bxd6 Bxd6 21.
f4 Nh5 22. Ref3 Nf6 23. Rh3 Re8 24. Qf2 Qd8 25. Qe2 Nh5 26. Rhf3 Qc7 27. g3 Qe7
28. Re3 Kf8 29. f5 Bxc5 30. bxc5 Nf6 31. fxg6 Kg8 32. Re5 Rc7 33. Rg5 fxg6 34.
Rxg6 e5 35. Rfxf6 1-0

[Event "Damen Bundesliga 2011/12"]
[Site "Jenbach"]
[Date "2012.04.20"]
[Round "5"]
[Board "2"]
[White "Tschida, Verena"]
[Black "Horvath, Maria"]
[Result "0-1"]
[WhiteElo "1654"]
[BlackElo "2019"]
[PlyCount "88"]
[EventDate "2012.03.01"]
[EventType "team"]
[EventRounds "7"]
[EventCountry "AUT"]
[WhiteTeam "Apoptosis Wien"]
[BlackTeam "ASVOE Pamhagen"]

1. d4 Nf6 2. Nc3 d5 3. Nf3 h6 4. e3 Bg4 5. h3 Bf5 6. Bd3 e6 7. Bxf5 exf5 8. Qd3
Qc8 9. O-O c6 10. Ne5 Bd6 11. Ne2 O-O 12. c4 Re8 13. cxd5 cxd5 14. f4 Ne4 15.
Nc3 Nxc3 16. bxc3 Qe6 17. Rb1 b6 18. Bd2 f6 19. Nf3 Nc6 20. Rfe1 Ne7 21. Rb5
Rec8 22. Rc1 Rc4 23. Kf2 Rac8 24. Nh4 g5 25. fxg5 hxg5 26. Nf3 Bb8 27. Kf1 Kg7
28. Be1 Qd6 29. Rb2 Ra4 30. Rf2 Ra3 31. Ng1 Rh8 32. Rf3 Rxa2 33. Ne2 Qh2 34.
Bf2 Rh7 35. Bg1 Qh1 36. Re1 Bh2 37. Qb1 Rd2 38. Qb4 Kg6 39. c4 Bxg1 40. Qxd2
Bxe3+ 41. Ng1 Bxd2 42. Re2 Bb4 43. cxd5 Nxd5 44. Ra2 f4 0-1

[Event "Damen Bundesliga 2011/12"]
[Site "Jenbach"]
[Date "2012.04.20"]
[Round "5"]
[Board "1"]
[White "Kopinits, Anna-Christina"]
[Black "Kessler, Michaela"]
[Result "1-0"]
[WhiteElo "2257"]
[BlackElo "2000"]
[PlyCount "77"]
[EventDate "2012.03.01"]
[EventType "team"]
[EventRounds "7"]
[EventCountry "AUT"]
[WhiteTeam "ASVOE Wulkaprodersdorf"]
[BlackTeam "Vorarlberg"]

1. e4 c5 2. Nc3 a6 3. f4 e6 4. d3 Nc6 5. g3 d5 6. Bg2 Nf6 7. e5 Nd7 8. Nf3 b5
9. O-O d4 10. Nxd4 cxd4 11. Bxc6 Rb8 12. Ne2 Qb6 13. Bg2 Be7 14. b3 O-O 15. Bb2
Bc5 16. Qe1 a5 17. Qf2 Rd8 18. Bxd4 Bxd4 19. Qxd4 Nc5 20. Qf2 Bb7 21. a3 Bxg2
22. Kxg2 Qc6+ 23. Qf3 Qc7 24. Rf2 b4 25. axb4 Rxb4 26. d4 Nb7 27. f5 exf5 28.
Qxf5 Qc6+ 29. Qf3 Qd7 30. Raf1 Rf8 31. c4 a4 32. c5 Rxb3 33. Qe4 Qc7 34. c6 Na5
35. d5 a3 36. e6 f6 37. e7 Re8 38. Qe6+ Kh8 39. Rxf6 1-0

[Event "Damen Bundesliga 2011/12"]
[Site "Jenbach"]
[Date "2012.04.20"]
[Round "5"]
[Board "2"]
[White "Froewis, Annika"]
[Black "Exler, Veronika"]
[Result "0-1"]
[WhiteElo "1978"]
[BlackElo "2123"]
[PlyCount "100"]
[EventDate "2012.03.01"]
[EventType "team"]
[EventRounds "7"]
[EventCountry "AUT"]
[WhiteTeam "Vorarlberg"]
[BlackTeam "ASVOE Wulkaprodersdorf"]

1. e4 e5 2. Nf3 Nc6 3. Bc4 Nf6 4. d4 exd4 5. e5 d5 6. Bb5 Ne4 7. Nxd4 Bc5 8.
O-O Bd7 9. Bxc6 bxc6 10. f3 Ng5 11. Kh1 O-O 12. Nb3 Bb6 13. a4 a5 14. Na3 f6
15. Qd2 Ne6 16. exf6 Qxf6 17. c4 d4 18. Nc2 c5 19. Qe1 Qf5 20. Qd2 c6 21. Ne1
Bc7 22. g3 Be8 23. Qg2 Rb8 24. Ra3 Nd8 25. Qe2 Nb7 26. Nd2 Bf7 27. Ne4 Rbe8 28.
Qd3 Bg6 29. Nf2 Qe6 30. Qb3 Qe2 31. Kg1 Nd6 32. Bf4 Rb8 33. Qd1 Qxb2 34. Ra1
Ne8 35. Bg5 h6 36. Be7 Rf5 37. Ned3 Qb3 38. Bxc5 Qxc4 39. Rc1 Qd5 40. Nh3 Bh7
41. Ndf4 Qf7 42. Bxd4 Rd8 43. Rxc6 Be5 44. Ne6 Bxd4+ 45. Nxd4 Rfd5 46. Qe1 Rxd4
47. Qxa5 Qd7 48. Qc3 Qxh3 49. Re1 Nf6 50. Qb3+ Kh8 0-1

[Event "Damen Bundesliga 2011/12"]
[Site "Jenbach"]
[Date "2012.04.20"]
[Round "5"]
[Board "1"]
[White "Mira, Helene"]
[Black "Bauer, Valentina"]
[Result "1-0"]
[WhiteElo "2083"]
[BlackElo "1790"]
[PlyCount "165"]
[EventDate "2012.03.01"]
[EventType "team"]
[EventRounds "7"]
[EventCountry "AUT"]
[WhiteTeam "Freundinnen Tirol"]
[BlackTeam "Tschaturanga Wien"]

1. Nf3 d5 2. d4 e6 3. c4 Nf6 4. Nc3 Be7 5. g3 O-O 6. Bg2 Nbd7 7. O-O c6 8. Qd3
b6 9. cxd5 cxd5 10. Bf4 Nh5 11. Bd2 Bb7 12. Rac1 Rc8 13. Ne5 Bd6 14. f4 Nhf6
15. Nb5 Bb8 16. Bb4 Re8 17. Nd6 Bxd6 18. Bxd6 Ne4 19. Ba3 f6 20. Nf3 Nf8 21.
Bh3 Qd7 22. b3 Rxc1 23. Rxc1 Rc8 24. Qd1 Rxc1 25. Qxc1 Qc8 26. Qxc8 Bxc8 27.
Bb2 Kf7 28. Ne1 Ba6 29. Kf1 Ng6 30. Bg2 Ne7 31. Bxe4 dxe4 32. Kf2 Nd5 33. Nc2
f5 34. a4 Ke7 35. Na3 g6 36. Nc4 Nf6 37. Ba3+ Kd8 38. h3 Bb7 39. Bd6 Nd7 40. g4
Bd5 41. Kg3 Ke8 42. Bc7 a6 43. e3 b5 44. axb5 axb5 45. Nd6+ Ke7 46. b4 Bc4 47.
gxf5 gxf5 48. Nb7 Nf6 49. Bd8+ Kf7 50. Nd6+ Kg7 51. Bxf6+ Kxf6 52. Kh4 Kg6 53.
Nc8 Kh6 54. Nd6 Kg6 55. Kg3 Kf6 56. Nc8 Kg6 57. Ne7+ Kf6 58. Nc6 Bd5 59. Ne5
Kg7 60. Kf2 Kf6 61. Ke2 Kg7 62. Kd2 Kh6 63. Nf7+ Kh5 64. Kc3 Kh4 65. Nd6 Bc6
66. d5 Bxd5 67. Nxb5 Bc6 68. Nd4 Bd5 69. b5 Kxh3 70. b6 h5 71. Nxe6 h4 72. Kd4
Bb7 73. Ng5+ Kg2 74. Ke5 Kf2 75. Kxf5 Kxe3 76. Kg4 Kd3 77. f5 e3 78. f6 e2 79.
f7 e1=Q 80. f8=Q Qg3+ 81. Kh5 Bg2 82. Qf7 h3 83. Qb3+ 1-0

[Event "Damen Bundesliga 2011/12"]
[Site "Jenbach"]
[Date "2012.04.20"]
[Round "5"]
[Board "2"]
[White "Tarmastin, Laura"]
[Black "Schnegg, Anna-Lena"]
[Result "0-1"]
[WhiteElo "1769"]
[BlackElo "2017"]
[PlyCount "76"]
[EventDate "2012.03.01"]
[EventType "team"]
[EventRounds "7"]
[EventCountry "AUT"]
[WhiteTeam "Tschaturanga Wien"]
[BlackTeam "Freundinnen Tirol"]

1. e4 c5 2. Nf3 Nc6 3. d4 cxd4 4. Nxd4 Nf6 5. Nc3 g6 6. Bc4 Bg7 7. Be3 d6 8. f3
Qb6 9. Bb3 Nxe4 10. fxe4 Bxd4 11. Bxd4 Qxd4 12. Qe2 O-O 13. Rd1 Qg7 14. O-O Nd4
15. Qf2 Nxb3 16. cxb3 f5 17. exf5 Bxf5 18. Qe2 Rac8 19. Rd2 a6 20. Re1 Rfe8 21.
Qf3 Rc6 22. g4 Bc8 23. Ne4 Rf8 24. Qg3 g5 25. h3 Rf4 26. b4 h6 27. a3 b5 28.
Qb3+ Qf7 29. Qg3 Rc4 30. Nc3 Rf3 31. Qg2 Bb7 32. Rde2 e5 33. Nd1 Rff4 34. Qg3
Qd5 35. Kh2 Rc1 36. Nf2 Rxe1 37. Rxe1 Qd2 38. Kg1 Qxe1+ 0-1

[Event "Damen Bundesliga 2011/12"]
[Site "Jenbach"]
[Date "2012.04.20"]
[Round "5"]
[Board "1"]
[White "Horvath, Reka"]
[Black "Klinkan, Elisabeth"]
[Result "1-0"]
[WhiteElo "2052"]
[BlackElo "1982"]
[PlyCount "43"]
[EventDate "2012.03.01"]
[EventType "team"]
[EventRounds "7"]
[EventCountry "AUT"]
[WhiteTeam "SpG. Feldbach"]
[BlackTeam "SV Schachamazonen Graz"]

1. e4 c5 2. Nf3 e6 3. d4 cxd4 4. Nxd4 a6 5. Nc3 Qc7 6. Bd3 Nf6 7. O-O Nc6 8.
Nxc6 dxc6 9. f4 Bc5+ 10. Kh1 h5 11. Be2 g6 12. e5 Nd5 13. Ne4 Ne3 14. Qd3 Nxf1
15. Nxc5 Nxh2 16. Kxh2 Qe7 17. Ne4 Qh4+ 18. Kg1 Qe1+ 19. Bf1 O-O 20. b3 a5 21.
Bb2 Qh4 22. Nf6+ 1-0

[Event "Damen Bundesliga 2011/12"]
[Site "Jenbach"]
[Date "2012.04.20"]
[Round "5"]
[Board "2"]
[White "Landl, Margot"]
[Black "Schloffer, Jasmin-Denise"]
[Result "1/2-1/2"]
[WhiteElo "1782"]
[BlackElo "1444"]
[PlyCount "61"]
[EventDate "2012.03.01"]
[EventType "team"]
[EventRounds "7"]
[EventCountry "AUT"]
[WhiteTeam "SV Schachamazonen Graz"]
[BlackTeam "SpG. Feldbach"]

1. e4 e5 2. Nf3 Nc6 3. Bb5 a6 4. Ba4 Nf6 5. O-O Nxe4 6. d4 exd4 7. Re1 d5 8.
Nxd4 Bd6 9. Nxc6 Bxh2+ 10. Kf1 Qh4 11. Qe2 Bg3 12. Qf3 Bg4 13. Ne5+ b5 14. Nxg4
f5 15. fxg3 Qxg4 16. Qxg4 fxg4 17. Bb3 O-O-O 18. Bf4 Rhf8 19. Kg1 g5 20. Be5 c5
21. a3 c4 22. Ba2 Rde8 23. Bd4 Nxg3 24. Nc3 Rd8 25. b3 Rf7 26. Re5 Rd6 27. Rae1
Rh6 28. Re8+ Kd7 29. R8e7+ Rxe7 30. Rxe7+ Kxe7 31. bxc4 1/2-1/2

[Event "Damen Bundesliga 2011/12"]
[Site "Jenbach"]
[Date "2012.04.21"]
[Round "6"]
[Board "1"]
[White "Zechner, Andrea"]
[Black "Klinkan, Elisabeth"]
[Result "1-0"]
[WhiteElo "1951"]
[BlackElo "1982"]
[PlyCount "81"]
[EventDate "2012.03.01"]
[EventType "team"]
[EventRounds "7"]
[EventCountry "AUT"]
[WhiteTeam "Apoptosis Wien"]
[BlackTeam "SV Schachamazonen Graz"]

1. d4 e6 2. c4 Nf6 3. Nf3 b6 4. Nc3 Bb7 5. Bg5 Be7 6. e3 d5 7. Bd3 dxc4 8. Bxc4
O-O 9. O-O Nd5 10. Bxe7 Qxe7 11. Qe2 c5 12. e4 Nf4 13. Qe3 cxd4 14. Nxd4 Qg5
15. Qg3 Qc5 16. Qxf4 Qxc4 17. Ndb5 Nc6 18. Nd6 e5 19. Qg4 Qa6 20. Nd5 Rad8 21.
Nc7 Rxd6 22. Nxa6 Bxa6 23. Rfd1 Rg6 24. Qd7 Bc8 25. Qc7 Nd4 26. Kh1 Re8 27.
Qxa7 Bg4 28. Rd3 Be2 29. Rg3 Rf6 30. f3 Rc6 31. Qd7 Kf8 32. Qg4 g6 33. Qh4 h5
34. Qg5 Bc4 35. b3 Ba6 36. Rc1 Rxc1+ 37. Qxc1 Rc8 38. Qa3+ Kg7 39. h4 Bb5 40.
Qd6 Rc1+ 41. Kh2 1-0

[Event "Damen Bundesliga 2011/12"]
[Site "Jenbach"]
[Date "2012.04.21"]
[Round "6"]
[Board "2"]
[White "Landl, Margot"]
[Black "Rampler, Evelyn"]
[Result "0-1"]
[WhiteElo "1782"]
[BlackElo "1845"]
[PlyCount "105"]
[EventDate "2012.03.01"]
[EventType "team"]
[EventRounds "7"]
[EventCountry "AUT"]
[WhiteTeam "SV Schachamazonen Graz"]
[BlackTeam "Apoptosis Wien"]

1. e4 c5 2. Nf3 e6 3. d4 cxd4 4. Nxd4 Nc6 5. Nc3 a6 6. Be2 Qc7 7. O-O Nf6 8.
Be3 Be7 9. Kh1 Ne5 10. f4 Nc4 11. Bc1 d6 12. Qd3 b5 13. Ndxb5 axb5 14. Nxb5 Qb7
15. Qxc4 O-O 16. e5 d5 17. Qc7 Ne4 18. Be3 Rd8 19. c3 Rd7 20. Qxb7 Rxb7 21. a4
Bd7 22. c4 Bc6 23. Rfd1 Nc5 24. Bxc5 Bxc5 25. cxd5 Bxd5 26. Rf1 Rd7 27. Bf3
Bxf3 28. gxf3 Rd2 29. b3 Be3 30. f5 Bf4 31. fxe6 fxe6 32. Rad1 Rxh2+ 33. Kg1
Rb2 34. Rd3 Rc8 35. Nd4 Bxe5 36. Rfd1 Kf7 37. Nb5 Rcc2 38. Nd4 Rg2+ 39. Kf1 Rh2
40. Kg1 Rhg2+ 41. Kh1 Rh2+ 42. Kg1 Rbg2+ 43. Kf1 Bg3 44. f4 Rf2+ 45. Kg1 Rhg2+
46. Kh1 Bxf4 47. a5 Rg5 48. Rh3 Rxa5 49. Rxh7 Rd5 50. Rh4 e5 51. Kg1 Be3 52.
Rf1 Rxf1+ 53. Kxf1 0-1

[Event "Damen Bundesliga 2011/12"]
[Site "Jenbach"]
[Date "2012.04.21"]
[Round "6"]
[Board "1"]
[White "Bauer, Valentina"]
[Black "Schloffer, Jasmin-Denise"]
[Result "1/2-1/2"]
[WhiteElo "1790"]
[BlackElo "1444"]
[PlyCount "102"]
[EventDate "2012.03.01"]
[EventType "team"]
[EventRounds "7"]
[EventCountry "AUT"]
[WhiteTeam "Tschaturanga Wien"]
[BlackTeam "SpG. Feldbach"]

1. e4 e5 2. Nf3 Nc6 3. d4 exd4 4. Nxd4 Nf6 5. Nc3 Bb4 6. Nxc6 bxc6 7. Bd3 d5 8.
exd5 cxd5 9. O-O O-O 10. Bg5 c6 11. Qf3 Be6 12. Bxf6 Qxf6 13. Qxf6 gxf6 14. Ne2
Rab8 15. c3 Bd6 16. b4 Bg4 17. Ng3 Kg7 18. h3 Bxg3 19. fxg3 Bh5 20. g4 Bg6 21.
Bf5 Rfd8 22. Rf4 d4 23. a3 dxc3 24. Rc4 Bxf5 25. gxf5 Rd3 26. Rxc6 Rb5 27. Ra2
Rd1+ 28. Kh2 Rc1 29. Rc5 Rxc5 30. bxc5 c2 31. Kg3 Kf8 32. Kh4 Ke7 33. Kh5 Kd7
34. Kh6 Kc6 35. Kxh7 Kxc5 36. Kg7 Kc4 37. Kxf7 Kb3 38. Rxc2 Rxc2 39. g4 Rc6 40.
h4 Kxa3 41. g5 fxg5 42. hxg5 Kb4 43. g6 Rc7+ 44. Kf8 a5 45. g7 Rc8+ 46. Kf7 a4
47. g8=Q Rxg8 48. Kxg8 a3 49. f6 a2 50. f7 a1=Q 51. f8=Q+ Kb3 1/2-1/2

[Event "Damen Bundesliga 2011/12"]
[Site "Jenbach"]
[Date "2012.04.21"]
[Round "6"]
[Board "2"]
[White "Stallinger, Vanessa"]
[Black "Tarmastin, Laura"]
[Result "1/2-1/2"]
[WhiteElo "1453"]
[BlackElo "1769"]
[PlyCount "62"]
[EventDate "2012.03.01"]
[EventType "team"]
[EventRounds "7"]
[EventCountry "AUT"]
[WhiteTeam "SpG. Feldbach"]
[BlackTeam "Tschaturanga Wien"]

1. e4 e5 2. Nf3 Nc6 3. Bb5 a6 4. Ba4 Nf6 5. O-O b5 6. Bb3 Bc5 7. c3 d6 8. d4
Bb6 9. dxe5 dxe5 10. Qxd8+ Nxd8 11. Nxe5 Nxe4 12. Bd5 Bb7 13. Bxb7 Nxb7 14. Nd2
Nbd6 15. Nd3 O-O 16. Re1 Nxd2 17. Bxd2 Nc4 18. Rad1 Rfd8 19. Bc1 Rd6 20. b3 Na5
21. Nf4 Rxd1 22. Rxd1 c6 23. Kf1 Rd8 24. Rxd8+ Bxd8 25. Nd3 Be7 26. Ke2 f6 27.
Ke3 Kf7 28. Kd4 Nb7 29. Ke4 Nc5+ 30. Nxc5 Bxc5 31. Be3 Bxe3 1/2-1/2

[Event "Damen Bundesliga 2011/12"]
[Site "Jenbach"]
[Date "2012.04.21"]
[Round "6"]
[Board "1"]
[White "Kessler, Michaela"]
[Black "Mira, Helene"]
[Result "0-1"]
[WhiteElo "2000"]
[BlackElo "2083"]
[PlyCount "96"]
[EventDate "2012.03.01"]
[EventType "team"]
[EventRounds "7"]
[EventCountry "AUT"]
[WhiteTeam "Vorarlberg"]
[BlackTeam "Freundinnen Tirol"]

1. e4 e5 2. Nf3 Nc6 3. Bb5 a6 4. Ba4 Nf6 5. O-O Be7 6. Re1 b5 7. Bb3 d6 8. c3
O-O 9. h3 Nb8 10. d4 Nbd7 11. Nbd2 Bb7 12. Bc2 Re8 13. Nf1 Bf8 14. Ng3 g6 15.
a4 c5 16. d5 c4 17. Bg5 Nc5 18. Nh2 h6 19. Be3 h5 20. Qf3 Bg7 21. Bg5 Ncd7 22.
Ngf1 Qe7 23. g4 Qf8 24. Qg2 hxg4 25. hxg4 Nh7 26. Bd2 f6 27. Nf3 Bh6 28. Qh3
Bxd2 29. N1xd2 Qe7 30. Kg2 Ndf8 31. Rh1 Qg7 32. Kf1 Reb8 33. Ke2 Bc8 34. Qg3 g5
35. Ne1 Ng6 36. Ng2 Nf4+ 37. Kf1 Nxg2 38. Kxg2 Nf8 39. Qh2 Ng6 40. f3 Nh4+ 41.
Kf2 Qc7 42. Rhb1 Bd7 43. Kg3 Qc5 44. Qe2 Kg7 45. Ra3 Rh8 46. b4 cxb3 47. Raxb3
Ng6 48. Qf2 Rh3+ 0-1

[Event "Damen Bundesliga 2011/12"]
[Site "Jenbach"]
[Date "2012.04.21"]
[Round "6"]
[Board "2"]
[White "Schnegg, Anna-Lena"]
[Black "Froewis, Annika"]
[Result "1-0"]
[WhiteElo "2017"]
[BlackElo "1978"]
[PlyCount "61"]
[EventDate "2012.03.01"]
[EventType "team"]
[EventRounds "7"]
[EventCountry "AUT"]
[WhiteTeam "Freundinnen Tirol"]
[BlackTeam "Vorarlberg"]

1. e4 e5 2. Nf3 Nc6 3. Bb5 a6 4. Ba4 Nf6 5. O-O b5 6. Bb3 Bc5 7. c3 d6 8. a4
Rb8 9. d4 Bb6 10. Na3 O-O 11. axb5 axb5 12. Nxb5 Bg4 13. Bg5 exd4 14. Nbxd4
Bxd4 15. cxd4 Bxf3 16. gxf3 Nxd4 17. Bxf7+ Rxf7 18. Qxd4 h6 19. Bh4 Qd7 20. f4
c5 21. Qd3 Nh5 22. f5 Rxb2 23. Ra8+ Kh7 24. Qf3 Nf6 25. Qg2 Ng8 26. Qg6+ Kh8
27. Rd8 Qc7 28. Ra1 Rd7 29. Rxg8+ Kxg8 30. Qe8+ Kh7 31. Ra8 1-0

[Event "Damen Bundesliga 2011/12"]
[Site "Jenbach"]
[Date "2012.04.21"]
[Round "6"]
[Board "1"]
[White "Novkovic, Julia"]
[Black "Kopinits, Anna-Christina"]
[Result "0-1"]
[WhiteElo "2085"]
[BlackElo "2257"]
[PlyCount "74"]
[EventDate "2012.03.01"]
[EventType "team"]
[EventRounds "7"]
[EventCountry "AUT"]
[WhiteTeam "ASVOE Pamhagen"]
[BlackTeam "ASVOE Wulkaprodersdorf"]

1. e4 c5 2. Nf3 Nc6 3. Nc3 Nf6 4. d4 cxd4 5. Nxd4 e5 6. Ndb5 d6 7. a4 a6 8. Na3
Bg4 9. f3 Be6 10. Bc4 Rc8 11. O-O Nb4 12. Nd5 Nbxd5 13. Bxd5 Bxd5 14. exd5 Qb6+
15. Kh1 Be7 16. c4 O-O 17. Qd3 Nh5 18. Be3 Qd8 19. f4 Nxf4 20. Bxf4 exf4 21.
Rxf4 Bf6 22. Rb1 Be5 23. Rf3 g6 24. b3 f5 25. Rbf1 Qf6 26. Nb1 Rc7 27. Rd1 Re8
28. Nd2 Bd4 29. Nf1 Bc5 30. h3 a5 31. Ng3 Qh4 32. Rdf1 Re5 33. Ne2 Rce7 34. Nf4
Re3 35. Qd2 Rxf3 36. gxf3 Be3 37. Qe1 Qxf4 0-1

[Event "Damen Bundesliga 2011/12"]
[Site "Jenbach"]
[Date "2012.04.21"]
[Round "6"]
[Board "2"]
[White "Exler, Veronika"]
[Black "Horvath, Maria"]
[Result "1/2-1/2"]
[WhiteElo "2123"]
[BlackElo "2019"]
[PlyCount "117"]
[EventDate "2012.03.01"]
[EventType "team"]
[EventRounds "7"]
[EventCountry "AUT"]
[WhiteTeam "ASVOE Wulkaprodersdorf"]
[BlackTeam "ASVOE Pamhagen"]

1. e4 e6 2. Qe2 c5 3. g3 Nc6 4. Nf3 Nd4 5. Nxd4 cxd4 6. b3 Bc5 7. Bb2 Ne7 8.
Qb5 Qb6 9. Qxb6 Bxb6 10. Na3 Nc6 11. Bg2 e5 12. c3 O-O 13. Nb5 a6 14. Nd6 Bc5
15. Nc4 f6 16. Ba3 Bxa3 17. Nxa3 b5 18. Nc2 Bb7 19. cxd4 Nxd4 20. Nxd4 exd4 21.
O-O Rac8 22. Rac1 Kf7 23. Rfe1 Rfe8 24. d3 Rxc1 25. Rxc1 Rc8 26. Rxc8 Bxc8 27.
b4 d6 28. Kf1 g5 29. Ke2 Ke7 30. f4 h6 31. Kf3 Be6 32. a3 Bb3 33. Ke2 Be6 34.
Bf3 Bc8 35. Kf2 Be6 36. Bd1 Ba2 37. Bg4 Kd8 38. Bf5 Bf7 39. Kf3 Bh5+ 40. g4 Be8
41. Be6 Kc7 42. Bd5 Bg6 43. h3 Be8 44. Kg3 Bd7 45. Kf3 Be8 46. Kf2 Bg6 47. Kg3
Be8 48. Kf3 Bg6 49. h4 Be8 50. hxg5 hxg5 51. Be6 Bc6 52. Bf7 Bd7 53. Bd5 Be8
54. Bg8 Bc6 55. Be6 Be8 56. Kf2 Bc6 57. Kg3 Be8 58. Kf3 Bc6 59. Bf7 1/2-1/2

[Event "Damen Bundesliga 2011/12"]
[Site "Jenbach"]
[Date "2012.04.22"]
[Round "7"]
[Board "1"]
[White "Kopinits, Anna-Christina"]
[Black "Zechner, Andrea"]
[Result "1-0"]
[WhiteElo "2257"]
[BlackElo "1951"]
[PlyCount "77"]
[EventDate "2012.03.01"]
[EventType "team"]
[EventRounds "7"]
[EventCountry "AUT"]
[WhiteTeam "ASVOE Wulkaprodersdorf"]
[BlackTeam "Apoptosis Wien"]

1. e4 c6 2. c4 d5 3. cxd5 cxd5 4. exd5 Qxd5 5. Nc3 Qa5 6. d4 Nf6 7. Bc4 e6 8.
Bd2 Qd8 9. Nf3 Be7 10. O-O O-O 11. Bg5 Nbd7 12. Qe2 Nb6 13. Bd3 Nbd5 14. Rad1
h6 15. Bc1 b6 16. Ne5 Bb7 17. f4 Rc8 18. Ne4 Qc7 19. f5 exf5 20. Nxf6+ Nxf6 21.
Bxf5 Rcd8 22. Kh1 Rfe8 23. Nxf7 Bf8 24. Be6 Rxe6 25. Nxh6+ gxh6 26. Qxe6+ Kh7
27. Qxf6 Bg7 28. Qf5+ Kh8 29. Qh3 Kh7 30. Bf4 Qc6 31. Be5 Bc8 32. Qd3+ Kg8 33.
Bxg7 Kxg7 34. d5 Qd6 35. Qd4+ Kg8 36. Rd3 Rd7 37. Rg3+ Kh7 38. Qe4+ Kh8 39.
Qe8+ 1-0

[Event "Damen Bundesliga 2011/12"]
[Site "Jenbach"]
[Date "2012.04.22"]
[Round "7"]
[Board "2"]
[White "Tschida, Verena"]
[Black "Exler, Veronika"]
[Result "0-1"]
[WhiteElo "1654"]
[BlackElo "2123"]
[PlyCount "90"]
[EventDate "2012.03.01"]
[EventType "team"]
[EventRounds "7"]
[EventCountry "AUT"]
[WhiteTeam "Apoptosis Wien"]
[BlackTeam "ASVOE Wulkaprodersdorf"]

1. d4 d5 2. Nf3 Nf6 3. Bf4 Bf5 4. e3 e6 5. Bd3 Bg6 6. Bxg6 hxg6 7. Nbd2 c5 8.
c3 Nc6 9. Qa4 Qd7 10. h3 Be7 11. O-O O-O 12. Rfe1 Nxd4 13. Qxd7 Nxf3+ 14. Nxf3
Nxd7 15. e4 dxe4 16. Rxe4 Nf6 17. Re2 Rfd8 18. Kf1 Kf8 19. Ke1 Ke8 20. c4 Bd6
21. Bd2 Nd7 22. Rd1 Be7 23. Bf4 Nb6 24. b3 Rxd1+ 25. Kxd1 Rd8+ 26. Rd2 Rxd2+
27. Kxd2 Nd7 28. Ne5 Nxe5 29. Bxe5 f6 30. Bc3 Kf7 31. Ke2 e5 32. Ke3 g5 33. Ke4
Ke6 34. f3 f5+ 35. Ke3 Bf6 36. g4 g6 37. Kd3 e4+ 38. fxe4 fxe4+ 39. Kd2 Bxc3+
40. Kxc3 Ke5 41. Kd2 Kd4 42. Ke2 e3 43. a3 a5 44. a4 Ke4 45. Ke1 Kd3 0-1